Man does, woman is.

Bibliographic Details
Main Author: Graves, Robert, 1895-1985
Format: Book
Language:English
Published: Garden City, N.Y. : Doubleday, 1964.

MARC

Tag First Indicator Second Indicator Subfields
LEADER 00000cam a2200000 4500
001 in00000026439
005 20151007061256.0
008 720426s1964 nyu 00000 eng
010 |a  65011047  
035 |a (OCoLC)00294367 
035 |9 AAD1636AM 
040 |a DLC  |c YNG  |d TXA  |d UtOrBLW 
049 |a TXAM  |c [415012] 
050 0 |a PR6013.R35  |b A17 1964a 
092 |a 821  |b G776m 
100 1 |a Graves, Robert,  |d 1895-1985. 
245 1 0 |a Man does, woman is. 
264 1 |a Garden City, N.Y. :  |b Doubleday,  |c 1964. 
300 |a 74 pages ;  |c 23 cm. 
336 |a text  |b txt  |2 rdacontent 
337 |a unmediated  |b n  |2 rdamedia 
338 |a volume  |b nc  |2 rdacarrier 
500 |a "Closes a three-book sequence ... Parts 15-16 ... stand for additions to [the author's] Collected poems, 1959 [More poems, 1961, and New poems, 1962] ... part 17 contains miscellaneous poems." 
999 |a MARS 
999 f f |s 0dd0aed5-5f93-33ee-83b8-8cd1405544e4  |i 380047fe-f97e-3ab3-8761-158b9d846200  |t 0 
952 f f |p normal  |a Texas A&M University  |b College Station  |c Sterling C. Evans Library  |d Evans: Library Stacks  |t 0  |e PR6013.R35 A17 1964a  |h Library of Congress classification  |i unmediated -- volume  |m A14801280155 
998 f f |a PR6013.R35 A17 1964a  |t 0  |l Evans: Library Stacks